| 000 | 00764nam a2200145Ia 4500 | ||
|---|---|---|---|
| 008 | 220615s9999||||xx |||||||||||||| ||und|| | ||
| 020 | _a9782890000000 | ||
| 022 | _a16648714 | ||
| 245 | 0 | _aDetection and Estimation of Working Memory States and Cognitive Functions Based on Neurophysiological Measures | |
| 546 | _aEnglish[eng] | ||
| 650 | _acognitive functions||working memory||BCI (Brain Computer Interface)||EEG||fNIRS (functional near infrared spectroscopy)||Cognitive Processes | ||
| 700 | _aPutze, Felix||Mühl, Christian||Lotte, Fabien||Fairclough, Stephen||Herff, Christian | ||
| 856 | _uhttps://www.frontiersin.org/research-topics/5042/detection-and-estimation-of-working-memory-states-and-cognitive-functions-based-on-neurophysiologica | ||
| 942 | _cEB | ||
| 999 |
_c15754 _d15754 |
||